[Event "KOS-chT"]
[Site "Pristina"]
[Date "2018.05.11"]
[Round "5.4"]
[White "Jupa, Ilirian"]
[Black "Pasko, Llambi"]
[Result "0-1"]
[WhiteElo "2097"]
[BlackElo "2338"]
[PlyCount "80"]
[EventDate "2018.05.07"]
[EventType "team-tourn"]
[EventRounds "7"]
[EventCountry "KOS"]
[SourceTitle "EXT 2019"]
[Source "ChessBase"]
[SourceDate "2018.10.10"]
[SourceVersion "1"]
[SourceVersionDate "2018.10.10"]
[SourceQuality "1"]
[WhiteTeam "Theranda"]
[BlackTeam "Decani"]
[WhiteTeamCountry "KOS"]
[BlackTeamCountry "KOS"]

1. e4 g6 2. Bc4 d6 3. Nf3 Bg7 4. d4 c6 5. a4 Nf6 6. Qe2 d5 7. exd5 cxd5 8. Bb5+ Nbd7 9. 0-0 0-0 10. Nc3 a6 11. Bd3 Nb8 12. Ne5 Nc6 13. Nxc6 bxc6 14. Bg5 a5 15. Rae1 Re8 16. b3 Qb6 17. Be3 Ng4 18. h3 Nxe3 19. fxe3 e5 20. Qf2 f5 21. dxe5 Rxe5 22. Nd1 Ra7 23. Kh1 Rae7 24. Re2 Bh6 25. Rfe1 Qb4 26. Qg3 Bd7 27. Rf1 c5 28. Qf3 c4 29. bxc4 dxc4 30. c3 Qc5 31. Bc2 Bc6 32. e4 fxe4 33. Qf6 Bg7 34. Qh4 e3 35. Rfe1 Rh5 36. Qg4 Rg5 37. Qf4 Rf7 38. Qxe3 Qxe3 39. Nxe3 Bxc3 40. Ng4 Bxe1 0-1

[Event "KOS-chT"]
[Site "Pristina"]
[Date "2018.05.09"]
[Round "3.3"]
[White "Jupa, Ilirian"]
[Black "Delchev, Aleksander"]
[Result "0-1"]
[WhiteElo "2097"]
[BlackElo "2566"]
[PlyCount "55"]
[EventDate "2018.05.07"]
[EventType "team-tourn"]
[EventRounds "7"]
[EventCountry "KOS"]
[SourceTitle "EXT 2019"]
[Source "ChessBase"]
[SourceDate "2018.10.10"]
[SourceVersion "1"]
[SourceVersionDate "2018.10.10"]
[SourceQuality "1"]
[WhiteTeam "Theranda"]
[BlackTeam "Vellaznimi"]
[WhiteTeamCountry "KOS"]
[BlackTeamCountry "KOS"]

1. d4 Nf6 2. c4 e6 3. Nf3 d5 4. e3 b6 5. Nbd2 Bb7 6. Be2 Nbd7 7. 0-0 Bd6 8. b3 0-0 9. Bb2 Qe7 10. Rc1 Ne4 11. Ne5 Nxd2 12. Qxd2 Nxe5 13. dxe5 Bb4 14. Qd4 Rfd8 15. Rfd1 a5 16. a4 Bc5 17. Qg4 dxc4 18. Bxc4 Rxd1+ 19. Rxd1 Rd8 20. Rxd8+ Qxd8 21. Bd4 Bb4 22. Qe2 Bd5 23. e4 Bxc4 24. Qxc4 c5 25. Be3 Qd1+ 26. Qf1 Qxb3 27. h4 Qxa4 28. Qa6 0-1

[Event "Kosovo Club Cup"]
[Site "Pristina"]
[Date "2016.11.20"]
[Round "3.1"]
[White "Saraci, Nderim"]
[Black "Jupa, Ilirian"]
[Result "1-0"]
[WhiteElo "2367"]
[BlackElo "2150"]
[PlyCount "75"]
[EventDate "2016.11.06"]
[EventType "team-tourn"]
[EventRounds "7"]
[EventCountry "KOS"]
[SourceTitle "EXT 2018"]
[Source "ChessBase"]
[SourceDate "2017.10.13"]
[SourceVersion "1"]
[SourceVersionDate "2017.10.13"]
[SourceQuality "1"]
[WhiteTeam "Expik"]
[BlackTeam "Theranda"]
[WhiteTeamCountry "KOS"]
[BlackTeamCountry "KOS"]

1. Nf3 Nf6 2. c4 g6 3. d4 Bg7 4. Nc3 0-0 5. g3 d6 6. Bg2 Nbd7 7. 0-0 e5 8. b3 Qe7 9. e3 exd4 10. exd4 c6 11. Ba3 Nb8 12. Qd2 Bg4 13. Rfe1 Qd7 14. Ng5 Bf5 15. Rad1 h6 16. Nge4 Bxe4 17. Nxe4 Nxe4 18. Rxe4 Rd8 19. Rde1 Bf8 20. d5 cxd5 21. cxd5 Na6 22. Bb2 Bg7 23. Bxg7 Kxg7 24. Bh3 Qxh3 25. Rh4 Qxh4 26. gxh4 Re8 27. Qd4+ Kg8 28. Rxe8+ Rxe8 29. Qf6 Re1+ 30. Kg2 Re2 31. Qd8+ Kg7 32. Qxd6 b6 33. b4 Rc2 34. a3 Nc7 35. Qe5+ Kg8 36. Qd4 h5 37. d6 Ne8 38. d7 1-0